000 00927cam a2200265 4500
008 000000n1999 000 0 eng u
020 _a0854069712
035 _a(Sirsi) u100326
041 _aeng
050 _a332.6324
110 _aRoyal Institution of Chartered Surveyors
_94900
245 4 _aThe investment performance of listed office buildings.
260 _aLondon
_bRICS
_c1999
300 _a20p. ; 30cm.
520 _aA regular survey carried out by Investment Property Databank for English Heritage and the Royal Institution of Chartered Surveyors. 1999 update
650 _aHISTORIC BUILDINGS
650 _aINVESTMENT PERFORMANCE
650 _aLISTED BUILDINGS
650 _aOFFICES
650 _aPROPERTY INVESTMENT
690 _aPROPERTY-COMMERCIAL PROPERTY-COMMERCIAL PROPERTY FINANCE AND INVESTMENT
710 _aEnglish Heritage
_92714
856 _aInvestment Property Databank
942 _n0
999 _c99680
_d99680